| 000 | 00904cab a2200241 4500 | ||
|---|---|---|---|
| 001 | ABS54856 | ||
| 008 | 090401t1996 xxu||||| |||| 00| 0 eng d | ||
| 035 | _a(Sirsi) u12569 | ||
| 041 | _aeng | ||
| 100 | _aMacneil, J. | ||
| 245 | _aOut of workers | ||
| 260 | _c1996 | ||
| 350 | _a0 | ||
| 490 |
_aBuilding _v261(7938) 26 April 1996, 44-45(2) |
||
| 520 | _aExamines options to improve the number of skilled operatives in the construction industry to meet the forecast rise in output, including debating the future of the Construction Industry Training Board, creating a compulsory register of skilled tradesmen or a shift towards direct labour and apprenticeships. | ||
| 650 | _aAPPRENTICESHIPS | ||
| 650 | _aCONSTRUCTION INDUSTRY TRAINING BOARD | ||
| 650 | _aSKILLS REGISTER | ||
| 650 | _aCAREERS, EDUCATION AND TRAINING | ||
| 690 | _aBUILT ENVIRONMENT | ||
| 942 | _n0 | ||
| 948 | _c04/03/1997 | ||
| 999 |
_c8034 _d8034 |
||